Designing mLearning (Record no. 135035)
[ view plain ]
| 000 -LEADER | |
|---|---|
| fixed length control field | 02079nam a2200373 a 4500 |
| 082 04 - DEWEY DECIMAL CLASSIFICATION NUMBER | |
| Classification number | 658.3/12404 |
| 100 1# - MAIN ENTRY--AUTHOR NAME | |
| Personal name | Quinn, Clark N., |
| 245 10 - TITLE STATEMENT | |
| Title | Designing mLearning |
| 260 ## - PUBLICATION, DISTRIBUTION, ETC. (IMPRINT) | |
| Place of publication | San Francisco : |
| Name of publisher | Pfeiffer, |
| Year of publication | 2011. |
| 300 ## - PHYSICAL DESCRIPTION | |
| Number of Pages | xxvi, 223 p. |
| 520 ## - SUMMARY, ETC. | |
| Summary, etc | "This book presents principles for designing and implementing mobile learning solutions. Based upon previous mobile writing and thinking, this invaluable resource captures the resulting integrated approach and provides guidance for mobile learning regardless of device. The book debunks the myths, defines the opportunity, presents examples, provides guiding principles, structures the design process, presents implementation considerations, and places mobile learning in the overall strategic picture. It is intended to be the definitive work on mobile learning design."-- |
| 650 #0 - SUBJECT ADDED ENTRY--TOPICAL TERM | |
| Topical Term | Management |
| Topical Term | Mobile communication systems. |
| Topical Term | Organizational learning. |
| Topical Term | Organizational effectiveness. |
| Topical Term | Information technology |
| Topical Term | Employees |
| 856 40 - ELECTRONIC LOCATION AND ACCESS | |
| Uniform Resource Identifier | http://site.ebrary.com/lib/rucke/Doc?id=10441389 |
| 520 ## - SUMMARY, ETC. | |
| -- | Provided by publisher. |
No items available.
